| 000 | 00904cam a2200325 4500 | ||
|---|---|---|---|
| 001 | J83813 | ||
| 008 | 090401t1997 xxu||||| |||| 00| 0 eng d | ||
| 035 | _a(Sirsi) u78198 | ||
| 041 | _aeng | ||
| 050 | _a333.33016 | ||
| 110 |
_aHealey and Baker _91907 |
||
| 245 | _aPRIME: property performance, regional rental growth, prime rental levels 1997. | ||
| 260 |
_aLondon _bHealey & Baker _c1997 |
||
| 300 | _a31p. : ill.,maps ; 30cm. | ||
| 350 | _a0 | ||
| 650 | _aINDICES | ||
| 650 | _aINDUSTRIAL PROPERTY | ||
| 650 | _aOFFICES | ||
| 650 | _aPRIME | ||
| 650 | _aPROPERTY INDICES | ||
| 650 | _aPROPERTY PERFORMANCE | ||
| 650 | _aRENTAL GROWTH | ||
| 650 | _aRENTAL VALUES | ||
| 650 | _aRETAIL PROPERTY | ||
| 650 | _aRETAIL WAREHOUSES | ||
| 650 | _aWAREHOUSES | ||
| 690 | _aPROPERTY-COMMERCIAL PROPERTY-COMMERCIAL PROPERTY FINANCE AND INVESTMENT | ||
| 942 | _n0 | ||
| 948 | _c07/05/1997 | ||
| 999 |
_c96399 _d96399 |
||